000 01099nam a2200313Ia 4500
003 OSt
005 20221006160056.0
006 a|||||r|||| 00| 0
007 ta
008 221006b |||||||| |||| 00| 0 eng d
020 _a9781441158758
_c5856.00 (each)
024 _a44,216
037 _bGift, KCC (Window on Korea)
_cTextual
040 _aEASL
_cEASL
_beng
041 _2eng
_aeng
082 _aX0aW.4.P1, Q2
100 _aFerdinand Peter
_9478880
245 0 _aGovernance in Pacific Asia
_b Political economy and development from Japan to Burma
260 _aNew York
_bContinuum International Publishing Group
_c2012
300 _a432p.
_ccm.
490 _v Oth
650 _a East Asia - Economic policy
_9660193
650 _a Southeast Asia - Economic conditions
_9671791
650 _a Southeast Asia - Economic policy
_9671792
650 _a Southeast Asia - Politics and government
_9667731
650 _aEast Asia - Politics and government
942 _hX0aW.4.P1, Q2
_cTEXL
_2CC
999 _c1112308
_d1112308